Normal view
MARC view
Entry Personal Name
001 - CONTROL NUMBER
- control field: 8075
003 - CONTROL NUMBER IDENTIFIER
- control field: BD-RjUL
005 - DATE AND TIME OF LATEST TRANSACTION
- control field: 20230719115958.0
008 - FIXED-LENGTH DATA ELEMENTS
- fixed length control field: 230719|| aca||aabn | a|a d
040 ## - CATALOGING SOURCE
- Original cataloging agency: BD-RjUL
- Transcribing agency: BD-RjUL
100 ## - HEADING--PERSONAL NAME
- Personal name: Morgan, R. P. C.
- Fuller form of name: (Royston Philip Charles),
- Dates associated with a name: 1942-
670 ## - SOURCE DATA FOUND
- Source citation: Work cat.: (BD-RjUL)81587: Morgan, R. P. C. (Royston Philip Charles), 1942-, Soil erosion and conservation /, 2005, [reprint 2013]